Piensa en Java / Bruce Eckel (Registro nro. 17373)
[ vista simple ]
| 000 -LÍDER | |
|---|---|
| fixed length control field | 00440nam a2200157 4500 |
| 008 - ELEMENTOS DE LONGITUD FIJA -- INFORMACIÓN GENERAL | |
| fixed length control field | 0 2000 0ant 000 0ESP |
| 020 ## - NÚMERO INTERNACIONAL NORMALIZADO PARA LIBROS | |
| ISBN | 84-205-3192-8 |
| 050 ## - SIGNATURA TOPOGRAFICA DE LA BIBLIOTECA DEL CONGRESO (LC) | |
| Número de Clasificación | QA76.73.J38 E25 2000 |
| 082 ## - NUMERO DE CLASIFICACION DECIMAL DEWEY | |
| Número de Clasificación | 005.133.21 E19p |
| 100 ## - ASIENTO PRINCIPAL--NOMBRE PERSONAL | |
| Nombre personal | Eckel, Bruce |
| 245 ## - TÍTULO | |
| Título | Piensa en Java / Bruce Eckel |
| 250 ## - MENCIÓN DE EDICIÓN | |
| Mención de edición | 2 |
| 260 ## - PUBLICACIÓN, DISTRIBUCIÓN, ETC. (PIE DE IMPRENTA) | |
| Lugar de publicación, distribución, etc. | Madrid, España : Prentice Hall |
| 300 ## - DESCRIPCIÓN FÍSICA | |
| Extensión | xlix, 906 p. / 24 cm. |
| 650 ## - ASIENTO SECUNDARIO DE MATERIA - TERMINO TEMÁTICO | |
| Término temático o nombre geográfico como elemento de entrada | 1.JAVA (LENGUAJE DE COMPUTADORA) |
| No. biblioteca | No. biblioteca | Número de clasificación | Código de barras/Número de adquisición | Número de copia | Tipo de material |
|---|---|---|---|---|---|
| LUIS G. INCLAN | LUIS G. INCLAN | 005.133.21 E19p | 43720 | 1 | Libros |
| LUIS G. INCLAN | LUIS G. INCLAN | 005.133.21 E19p | 44177 | 2 | Libros |
| LUIS G. INCLAN | LUIS G. INCLAN | 005.133.21 E19p | 44587 | 3 | Libros |
| LUIS G. INCLAN | LUIS G. INCLAN | 005.133.21 E19p | 45983 | 4 | Libros |
| LUIS G. INCLAN | LUIS G. INCLAN | 005.133.21 E19p | 45984 | 5 | Libros |
| LUIS G. INCLAN | LUIS G. INCLAN | 005.133.21 E19p | 45985 | 6 | Libros |
| LUIS G. INCLAN | LUIS G. INCLAN | 005.133.21 E19p | 45986 | 7 | Libros |
| LUIS G. INCLAN | LUIS G. INCLAN | 005.133.21 E19p | 45987 | 8 | Libros |
| LUIS G. INCLAN | LUIS G. INCLAN | 005.133.21 E19p | 46560 | 9 | Libros |
| LUIS G. INCLAN | LUIS G. INCLAN | 005.133.21 E19p | 46561 | 10 | Libros |
